| 000 | 00555 a2200169 4500 | ||
|---|---|---|---|
| 999 |
_c2215 _d2215 |
||
| 020 | _a9781550583076 | ||
| 050 | _aHD 2963 YOU 2005 | ||
| 100 |
_asmith, julia _eeditor |
||
| 245 |
_aYouth reinventing co-operatives : _byoung perspectives on the international co-operative movement/ _ceditor julia smith, |
||
| 264 |
_aCanada: _bBritish columbia , _c2005 |
||
| 300 |
_axvi,252p. _bill.(col.) |
||
| 500 | _aincludes conclusion | ||
| 650 | _aco-operatives | ||
| 700 |
_arobin puga _eeditor |
||
| 700 |
_aian macpherson _eeditor |
||
| 942 |
_2lcc _cBK _h2963 _iYOU _kHD |
||